| LEADER 00000nam 2200000uu 4500 |
| 001 209727 |
| 003 ULIBM |
| 008 140502s2552||||th 000 0 tha d |
| 020 ^a9786167183459
|
| 041 0 ^atha^beng
|
| 060 4 ^aWH170 ก726ก 2552
|
| 100 0 ^aกุลนภา ฟู่เจริญ
|
| 245 10 ^aการตรวจทางห้องปฏิบัติการเพื่อการวินิจฉัยธาลัสซีเมียและฮีโมโกบินผิดปกติที่พบบ่อยในประเทศไทย/^bกุลนภา ฟู่เจริญ.
|
| 250 ^aพิมพ์ครั้งที่ 1
|
| 260 ^aขอนแก่น : ^bคณะเทคนิคการแพทย์ มหาวิทยาลัยขอนแก่น,^c2552.
|
| 300 ^a209 หน้า ;^bภาพประกอบ.
|
| 500 ^aทุนสนับสนุนการผลิตตำรา มหาวิทยาลัยขอนแก่น ;^vลำดับที่ 19
|
| 650 4 ^aการวินิจฉัยโรคทางห้องปฏิบัติการ.
|
| 650 4 ^aธาลัสซีเมีย ^xการวินิจฉัยโรคทางห้องปฏิบัติการ.
|
| 650 4 ^aฮีโมโกลบินผิดปกติ ^xการวินิจฉัยโรคทางห้องปฏิบัติการ.
|
| 710 2 ^aมหาวิทยาลัยขอนแก่น คณะเทคนิคการแพทย์ ศูนย์วิจัยและพัฒนาการตรวจวินิจฉัยทางห้องปฏิบัติการทางการแพทย์
|
| 999 ^aใช้งานได้ทุกระบบ
|